| 000 | 00594nam a22001097a 4500 | ||
|---|---|---|---|
| 005 | 20230619144223.0 | ||
| 008 | 230619b ||||| |||| 00| 0 eng d | ||
| 245 | _aLas 101: Introduction to law / | ||
| 260 |
_aToronto: _c2013. |
||
| 505 | _aContents: Introduction to the legal system -- The Canadian constitution -- The Canadian charter of rights and freedoms -- Criminal law -- Criminal procedure -- Canadian human rights -- International law -- Family law -- Property law -- The law of torts -- Residential landlord/tenant law -- Powers of attorney and wills -- Commercial law. | ||
| 942 |
_2lcc _cBK |
||
| 999 |
_c9747 _d17247 |
||